[Event "World Team Championship 2019"]
[Site "Astana KAZ"]
[Date "2019.03.14"]
[Round "9"]
[White "Jumabayev, Rinat"]
[Black "Ding, Liren"]
[Result "1/2-1/2"]
[WhiteElo "2609"]
[BlackElo "2812"]
[PlyCount "68"]
[EventDate "2019.03.05"]
[WhiteTeam "Kazakhstan"]
[BlackTeam "China"]

1. e4 e5 2. Nf3 Nc6 3. Bb5 a6 4. Ba4 Nf6 5. O-O Be7 6. d3 b5 7. Bb3 d6 8. a4
Bd7 9. Bd2 b4 10. a5 O-O 11. c3 Rb8 12. Re1 Qc8 13. h3 Be6 14. Bxe6 Qxe6 15.
Be3 d5 16. Nbd2 dxe4 17. dxe4 Rb5 18. Ng5 Qd7 19. c4 Rxa5 20. Rxa5 Nxa5 21. Qa1
Nc6 22. Qxa6 Nd4 23. Ndf3 Nc2 24. Nxe5 Qd6 25. Qxd6 Bxd6 26. Rc1 Nxe3 27. Nd3
h6 28. fxe3 hxg5 29. e5 Bxe5 30. Nxe5 Re8 31. Nc6 Rxe3 32. Nxb4 Rb3 33. Nd5
Nxd5 34. cxd5 Rxb2 1/2-1/2

[Event "World Team Championship 2019"]
[Site "Astana KAZ"]
[Date "2019.03.14"]
[Round "9"]
[White "Yu, Yangyi"]
[Black "Ismagambetov, Anuar"]
[Result "1-0"]
[WhiteElo "2761"]
[BlackElo "2545"]
[PlyCount "67"]
[EventDate "2019.03.05"]
[WhiteTeam "China"]
[BlackTeam "Kazakhstan"]

1. d4 Nf6 2. c4 e6 3. Nc3 Bb4 4. e3 O-O 5. Bd3 c5 6. Nge2 d5 7. a3 cxd4 8. axb4
dxc3 9. Nxc3 Nc6 10. b5 Ne5 11. c5 Nxd3+ 12. Qxd3 e5 13. O-O Bg4 14. f3 Bh5 15.
e4 Qc8 16. Nxd5 Qxc5+ 17. Be3 Qd6 18. Nxf6+ Qxf6 19. Qd7 Qd8 20. Qxb7 Rb8 21.
Qxa7 Rxb5 22. b4 Qb8 23. Bc5 Rd8 24. Qxb8 Rbxb8 25. Rfb1 f6 26. b5 Be8 27. b6
Rd7 28. Rc1 Kf7 29. Ra7 Ke6 30. Be3 Rdb7 31. Rc7 Rxc7 32. Rxc7 Bd7 33. Bc5 h5
34. b7 1-0

[Event "World Team Championship 2019"]
[Site "Astana KAZ"]
[Date "2019.03.14"]
[Round "9"]
[White "Kazhgaleyev, Murtas"]
[Black "Wei, Yi"]
[Result "1/2-1/2"]
[WhiteElo "2587"]
[BlackElo "2733"]
[PlyCount "85"]
[EventDate "2019.03.05"]
[WhiteTeam "Kazakhstan"]
[BlackTeam "China"]

1. d4 Nf6 2. c4 g6 3. g3 Bg7 4. Bg2 O-O 5. Nc3 d6 6. Nf3 Nc6 7. O-O e5 8. dxe5
dxe5 9. Bg5 Be6 10. Nd5 Bxd5 11. Bxf6 Bxf6 12. cxd5 Ne7 13. e4 Qd7 14. Qb3 c6
15. Rad1 cxd5 16. exd5 Nc8 17. d6 Nxd6 18. Qd5 Rad8 19. Nxe5 Qa4 20. Nd3 b6 21.
b3 Qb5 22. Nf4 Bg7 23. Rfe1 Rfe8 24. Rxe8+ Qxe8 25. Qd3 Qe5 26. h4 Qc3 27. Qxc3
Bxc3 28. Nd5 Bg7 29. Ne7+ Kf8 30. Nc6 Rd7 31. a4 a5 32. b4 axb4 33. Nxb4 f5 34.
Bf3 Rd8 35. Nc6 Rd7 36. Kg2 Ke8 37. Nb8 Rd8 38. Bc6+ Kf7 39. Nd7 Nc8 40. Bb5
Na7 41. Ne5+ Ke7 42. Rxd8 Kxd8 43. Nc6+ 1/2-1/2

[Event "World Team Championship 2019"]
[Site "Astana KAZ"]
[Date "2019.03.14"]
[Round "9"]
[White "Naiditsch, Arkadij"]
[Black "Amin, Bassem"]
[Result "1/2-1/2"]
[WhiteElo "2710"]
[BlackElo "2709"]
[PlyCount "28"]
[EventDate "2019.03.05"]
[WhiteTeam "Azerbaijan"]
[BlackTeam "Egypt"]

1. e4 e5 2. Nf3 Nc6 3. Bb5 a6 4. Ba4 Nf6 5. O-O Be7 6. Re1 b5 7. Bb3 O-O 8. c3
d6 9. h3 Bb7 10. d4 Re8 11. Ng5 Rf8 12. Nf3 Re8 13. Ng5 Rf8 14. Nf3 Re8 1/2-1/2

[Event "World Team Championship 2019"]
[Site "Astana KAZ"]
[Date "2019.03.14"]
[Round "9"]
[White "Adly, Ahmed"]
[Black "Mamedov, Rauf"]
[Result "1/2-1/2"]
[WhiteElo "2611"]
[BlackElo "2701"]
[PlyCount "23"]
[EventDate "2019.03.05"]
[WhiteTeam "Egypt"]
[BlackTeam "Azerbaijan"]

1. Nf3 Nf6 2. g3 g6 3. Bg2 Bg7 4. O-O O-O 5. c4 c6 6. d4 d5 7. cxd5 cxd5 8. Nc3
Ne4 9. Ng5 Nf6 10. Nf3 Ne4 11. Ng5 Nf6 12. Nf3 1/2-1/2

[Event "1st Prague Masters 2019"]
[Site "Prague CZE"]
[Date "2019.03.13"]
[Round "7"]
[White "Navara, David"]
[Black "Laznicka, Viktor"]
[Result "1-0"]
[WhiteElo "2739"]
[BlackElo "2670"]
[PlyCount "77"]
[EventDate "2019.03.06"]

1. e4 e5 2. Nf3 Nc6 3. d4 exd4 4. Nxd4 Bc5 5. Nb3 Bb6 6. Nc3 d6 7. Qe2 Nge7 8.
Be3 O-O 9. O-O-O f5 10. f4 fxe4 11. g3 Bxe3+ 12. Qxe3 Nf5 13. Bc4+ Kh8 14. Qe2
e3 15. Rhf1 Re8 16. g4 Nh4 17. h3 a5 18. Nc5 a4 19. a3 Na5 20. Bf7 Re7 21. Ba2
b6 22. Nd3 Ba6 23. f5 Qd7 24. f6 gxf6 25. Nd5 Re5 26. Nxe5 fxe5 27. c4 Ng6 28.
h4 Nxc4 29. Bxc4 Qc6 30. Nxe3 b5 31. h5 Nf4 32. Qc2 Qc5 33. Nd5 Qxc4 34. Qxc4
bxc4 35. Nxc7 Ra7 36. Rxd6 Rxc7 37. h6 Kg8 38. Rxa6 c3 39. Rxa4 1-0

[Event "1st Prague Masters 2019"]
[Site "Prague CZE"]
[Date "2019.03.13"]
[Round "7"]
[White "Gelfand, Boris"]
[Black "Rapport, Richard"]
[Result "1/2-1/2"]
[WhiteElo "2655"]
[BlackElo "2738"]
[PlyCount "102"]
[EventDate "2019.03.06"]

1. d4 Nf6 2. c4 c6 3. Nf3 b5 4. c5 d6 5. cxd6 exd6 6. Bf4 Nh5 7. Bg5 Be7 8.
Bxe7 Qxe7 9. e3 O-O 10. Be2 Nf6 11. O-O Bb7 12. Nbd2 Nbd7 13. Re1 a6 14. a4 Nb6
15. axb5 cxb5 16. Bd3 Ne4 17. Nxe4 Bxe4 18. Bxe4 Qxe4 19. Qb3 Qd5 20. Qb4 Rfc8
21. e4 Qc6 22. b3 Nd7 23. h3 Nf6 24. d5 Qb6 25. Qd4 Qd8 26. Qd3 Nd7 27. Nd4 Qf6
28. Qd2 g6 29. f4 Re8 30. Re2 a5 31. Rf1 a4 32. Nxb5 Reb8 33. bxa4 Rxa4 34. Nc3
Qd4+ 35. Qxd4 Rxd4 36. e5 Rd3 37. Rf3 Rxf3 38. gxf3 Kf8 39. exd6 Rb6 40. Ne4 f5
41. Ng5 Rxd6 42. Nxh7+ Kf7 43. Ng5+ Kf6 44. Nh7+ Kf7 45. Ng5+ Kf6 46. Re6+ Rxe6
47. Nxe6 Ke7 48. Nd4 Kd6 49. Nc6 Nf8 50. Kf2 Kxd5 51. Ne5 Ke6 1/2-1/2

[Event "1st Prague Masters 2019"]
[Site "Prague CZE"]
[Date "2019.03.13"]
[Round "7"]
[White "Harikrishna, Pentala"]
[Black "Vidit, Santosh Gujrathi"]
[Result "1/2-1/2"]
[WhiteElo "2730"]
[BlackElo "2711"]
[PlyCount "63"]
[EventDate "2019.03.06"]

1. e4 e5 2. Nf3 Nc6 3. Bc4 Bc5 4. c3 Nf6 5. d3 O-O 6. O-O d5 7. exd5 Nxd5 8.
Re1 Bg4 9. h3 Bh5 10. a4 a5 11. Nbd2 Nb6 12. Bb5 Bd6 13. Ne4 Na7 14. d4 exd4
15. Nxd6 Qxd6 16. Qxd4 Nxb5 17. axb5 Qxd4 18. Nxd4 Bg6 19. Bf4 Rfc8 20. b3 c5
21. bxc6 bxc6 22. c4 a4 23. bxa4 c5 24. Nb5 Rxa4 25. Nd6 Rd8 26. Rac1 f6 27.
Re7 Nc8 28. Nxc8 Rxc8 29. g4 Rca8 30. Kg2 Ra1 31. Rxa1 Rxa1 32. Be3 1/2-1/2

[Event "1st Prague Masters 2019"]
[Site "Prague CZE"]
[Date "2019.03.13"]
[Round "7"]
[White "Shankland, Samuel"]
[Black "Wojtaszek, Radoslaw"]
[Result "1/2-1/2"]
[WhiteElo "2731"]
[BlackElo "2722"]
[PlyCount "82"]
[EventDate "2019.03.06"]

1. e4 e5 2. Nf3 Nc6 3. Bb5 a6 4. Ba4 Nf6 5. O-O Be7 6. Re1 b5 7. Bb3 O-O 8. h3
Bb7 9. d3 d6 10. a3 Nb8 11. Nbd2 Nbd7 12. Nf1 Nc5 13. Ba2 Ne6 14. Ng3 Re8 15.
Ng5 Bc8 16. Qf3 h6 17. Nxe6 Bxe6 18. Nf5 Bf8 19. g4 Bxa2 20. Rxa2 Re6 21. c3 d5
22. b3 Qd7 23. exd5 Qxd5 24. Qxd5 Nxd5 25. c4 Nf4 26. Bxf4 exf4 27. Rxe6 fxe6
28. Nd4 Rd8 29. Nxe6 Rxd3 30. cxb5 axb5 31. Nxf8 Kxf8 32. a4 Rxb3 33. a5 Rd3
34. a6 Rd8 35. Rc2 Ra8 36. Rxc7 Rxa6 37. Rb7 Ra1+ 38. Kg2 Rb1 39. h4 Rb3 40. h5
b4 41. Kh2 Rb2 1/2-1/2

[Event "1st Prague Masters 2019"]
[Site "Prague CZE"]
[Date "2019.03.13"]
[Round "7"]
[White "Vitiugov, Nikita"]
[Black "Duda, Jan-Krzysztof"]
[Result "1-0"]
[WhiteElo "2726"]
[BlackElo "2731"]
[PlyCount "83"]
[EventDate "2019.03.06"]

1. e4 c5 2. Nf3 d6 3. d4 cxd4 4. Nxd4 Nf6 5. Nc3 a6 6. a4 g6 7. Be2 Bg7 8. Be3
Nc6 9. O-O O-O 10. Qd2 Nxd4 11. Bxd4 Be6 12. a5 Rc8 13. Ra4 Rc6 14. f4 Qd7 15.
Rb4 Rfc8 16. Bd3 Bc4 17. h3 Bxd3 18. Qxd3 e5 19. Be3 exf4 20. Bxf4 Qc7 21. Kh1
b5 22. axb6 Rxb6 23. Rxb6 Qxb6 24. Bxd6 Qxb2 25. Nd5 Rxc2 26. Ba3 Qb5 27. Nxf6+
Bxf6 28. Qxb5 axb5 29. Rxf6 b4 30. Bxb4 Rc1+ 31. Kh2 Rc4 32. Rb6 Rxe4 33. Bc3
Re8 34. Bf6 h6 35. h4 Kh7 36. Rd6 Re4 37. g3 Re2+ 38. Kg1 Re3 39. Rd8 g5 40. h5
Rxg3+ 41. Kf2 g4 42. Rh8# 1-0

[Event "1st Prague Masters 2019"]
[Site "Prague CZE"]
[Date "2019.03.14"]
[Round "8"]
[White "Laznicka, Viktor"]
[Black "Gelfand, Boris"]
[Result "1/2-1/2"]
[WhiteElo "2670"]
[BlackElo "2655"]
[PlyCount "68"]
[EventDate "2019.03.06"]

1. c4 c5 2. Nf3 Nc6 3. Nc3 Nf6 4. e3 e6 5. d4 d5 6. a3 dxc4 7. Bxc4 a6 8. O-O
b5 9. Bd3 cxd4 10. exd4 Be7 11. Bg5 Bb7 12. Re1 O-O 13. Qd2 Na5 14. Qf4 Nh5 15.
Qh4 Bxg5 16. Nxg5 g6 17. g4 h6 18. gxh5 Qxg5+ 19. Qxg5 hxg5 20. d5 exd5 21.
hxg6 Rae8 22. gxf7+ Kxf7 23. Rad1 Nc4 24. Rxe8 Rxe8 25. Bxc4 dxc4 26. Rd7+ Re7
27. Rxe7+ Kxe7 28. Kf1 Kd6 29. Ke2 Kc5 30. Ke3 a5 31. f4 gxf4+ 32. Kxf4 b4 33.
axb4+ axb4 34. Ne2 Bc6 1/2-1/2

[Event "1st Prague Masters 2019"]
[Site "Prague CZE"]
[Date "2019.03.14"]
[Round "8"]
[White "Harikrishna, Pentala"]
[Black "Navara, David"]
[Result "1/2-1/2"]
[WhiteElo "2730"]
[BlackElo "2739"]
[PlyCount "85"]
[EventDate "2019.03.06"]

1. e4 c5 2. Nf3 d6 3. d4 cxd4 4. Nxd4 Nf6 5. Nc3 a6 6. Be3 Ng4 7. Bg5 h6 8. Bc1
Nf6 9. Bd3 e5 10. Nde2 Nbd7 11. Ng3 Nc5 12. Be2 g6 13. Be3 h5 14. Bxc5 dxc5 15.
Qxd8+ Kxd8 16. Nf1 Bh6 17. Rd1+ Ke7 18. Bc4 b5 19. Nd5+ Nxd5 20. Bxd5 Rb8 21.
Ke2 Rd8 22. Nd2 c4 23. Nf3 Kf6 24. h3 a5 25. Bc6 Ba6 26. Rxd8 Rxd8 27. Rd1 Rxd1
28. Kxd1 b4 29. c3 b3 30. a3 Bc8 31. Nd2 Be6 32. h4 Bxd2 33. Kxd2 g5 34. g3
gxh4 35. gxh4 Ke7 36. Ke3 Bd7 37. Bb7 Be6 38. Ba6 f6 39. Bb5 Bf7 40. Ba6 Kd7
41. f4 Be6 42. Bb5+ Ke7 43. Bc6 1/2-1/2

[Event "1st Prague Masters 2019"]
[Site "Prague CZE"]
[Date "2019.03.14"]
[Round "8"]
[White "Rapport, Richard"]
[Black "Shankland, Samuel"]
[Result "1/2-1/2"]
[WhiteElo "2738"]
[BlackElo "2731"]
[PlyCount "96"]
[EventDate "2019.03.06"]

1. e4 c5 2. d3 Nc6 3. g3 g6 4. Bg2 Bg7 5. f4 e6 6. Nf3 Nge7 7. O-O d6 8. c3 O-O
9. Be3 b6 10. d4 d5 11. e5 Nf5 12. Bf2 cxd4 13. cxd4 Ba6 14. Re1 Qd7 15. Qd2
Rac8 16. Na3 Rc7 17. g4 Nfe7 18. Nc2 Rfc8 19. Ne3 Bh6 20. Bh4 Bxf4 21. Ng5 Nxe5
22. dxe5 d4 23. Ne4 Qa4 24. Rad1 Bxe3+ 25. Rxe3 dxe3 26. Qd8+ Qe8 27. Nf6+ Kf8
28. Bg5 Ng8 29. Qd6+ Qe7 30. Nxh7+ Kg7 31. Bxe7 Nxe7 32. Ng5 Be2 33. Bf1 Bxg4
34. Re1 Nd5 35. Kg2 Rc1 36. Rxc1 Rxc1 37. Ba6 e2 38. Bxe2 Bxe2 39. Qd7 Rf1 40.
Nxe6+ Kh6 41. Qxd5 Bf3+ 42. Qxf3 Rxf3 43. Kxf3 fxe6 44. Kg4 g5 45. h4 gxh4 46.
Kxh4 Kg6 47. Kg4 a5 48. a4 Kh6 1/2-1/2

[Event "1st Prague Masters 2019"]
[Site "Prague CZE"]
[Date "2019.03.14"]
[Round "8"]
[White "Vidit, Santosh Gujrathi"]
[Black "Duda, Jan-Krzysztof"]
[Result "1/2-1/2"]
[WhiteElo "2711"]
[BlackElo "2731"]
[PlyCount "110"]
[EventDate "2019.03.06"]

1. e4 c5 2. Nf3 d6 3. d4 cxd4 4. Qxd4 Nf6 5. Be2 e6 6. c4 Be7 7. O-O b6 8. Nc3
Bb7 9. Rd1 O-O 10. b3 Nbd7 11. Bb2 a6 12. h3 Qc7 13. Rac1 Rad8 14. b4 Ba8 15.
a3 Qb7 16. Bf1 h6 17. Re1 Rfe8 18. Qe3 Qb8 19. Nd4 Rc8 20. f4 Bf8 21. Nf3 a5
22. Kh1 Nh5 23. Bd3 axb4 24. axb4 d5 25. cxd5 Qxf4 26. Qxf4 Nxf4 27. Bb5 Red8
28. Na4 Bb7 29. Bxd7 Rxc1 30. Rxc1 Rxd7 31. Ne5 Rd8 32. Rc7 Ba6 33. Rxf7 Nd3
34. dxe6 Nxb2 35. Nxb2 Re8 36. Ra7 Bb5 37. Nd7 Bxb4 38. Nxb6 Rxe6 39. N6c4 Bxc4
40. Nxc4 Rxe4 41. Rc7 h5 42. g3 Re2 43. Rb7 Bc3 44. Rb3 Bf6 45. Re3 Rc2 46. Ne5
Kh7 47. Nf3 Kg6 48. Kg1 Kf5 49. Kf1 g5 50. Re2 Rxe2 51. Kxe2 g4 52. hxg4+ Kxg4
53. Kf2 h4 54. Nxh4 Bxh4 55. gxh4 Kxh4 1/2-1/2

[Event "1st Prague Masters 2019"]
[Site "Prague CZE"]
[Date "2019.03.14"]
[Round "8"]
[White "Wojtaszek, Radoslaw"]
[Black "Vitiugov, Nikita"]
[Result "1/2-1/2"]
[WhiteElo "2722"]
[BlackElo "2726"]
[PlyCount "51"]
[EventDate "2019.03.06"]

1. d4 Nf6 2. c4 e6 3. g3 d5 4. Bg2 dxc4 5. Nf3 Bd7 6. Ne5 Bc6 7. Nxc6 Nxc6 8.
e3 Bb4+ 9. Nd2 e5 10. O-O Bxd2 11. Bxd2 exd4 12. Rc1 O-O 13. Rxc4 Nd5 14. exd4
Qd7 15. Bg5 h6 16. Rc5 Nce7 17. Bxe7 Nxe7 18. Bxb7 Rab8 19. Bg2 Rxb2 20. Qc1
Qxd4 21. Rxc7 Ng6 22. Rc4 Qb6 23. Rc6 Qd4 24. Rc4 Qb6 25. Rc6 Qd4 26. Rc4
1/2-1/2

[Event "1st Prague Masters 2019"]
[Site "Prague CZE"]
[Date "2019.03.15"]
[Round "9"]
[White "Shankland, Samuel"]
[Black "Laznicka, Viktor"]
[Result "1/2-1/2"]
[WhiteElo "2731"]
[BlackElo "2670"]
[PlyCount "72"]
[EventDate "2019.03.06"]

1. d4 d5 2. c4 dxc4 3. Nf3 Nf6 4. e3 e6 5. Bxc4 c5 6. O-O a6 7. b3 Nbd7 8. Bb2
Be7 9. Be2 b6 10. dxc5 Bxc5 11. Nd4 Bb7 12. Bf3 Bxf3 13. Qxf3 O-O 14. Rd1 Ne5
15. Qe2 Qe7 16. Nd2 Rfc8 17. Rac1 Qe8 18. h3 h6 19. N4f3 Ned7 20. Ne5 Nxe5 21.
Bxe5 Be7 22. Nc4 Rc6 23. Bxf6 gxf6 24. Nb2 Rxc1 25. Rxc1 Rc8 26. Rd1 b5 27. Nd3
Qc6 28. Rc1 Qb7 29. Rxc8+ Qxc8 30. e4 Qc3 31. g3 Kf8 32. Kg2 Bd6 33. Kf3 f5 34.
exf5 exf5 35. Kg2 Qc6+ 36. f3 Qc3 1/2-1/2

[Event "1st Prague Masters 2019"]
[Site "Prague CZE"]
[Date "2019.03.15"]
[Round "9"]
[White "Navara, David"]
[Black "Vidit, Santosh Gujrathi"]
[Result "0-1"]
[WhiteElo "2739"]
[BlackElo "2711"]
[PlyCount "114"]
[EventDate "2019.03.06"]

1. d4 Nf6 2. c4 e6 3. Nf3 d5 4. Nc3 Bb4 5. Qb3 c5 6. dxc5 Na6 7. a3 Bxc3+ 8.
Qxc3 Nxc5 9. cxd5 Qxd5 10. Be3 Nce4 11. Qb4 a5 12. Qd4 O-O 13. Ne5 a4 14. Nd3
Rd8 15. Qxd5 Nxd5 16. Bc1 b5 17. f3 Nd6 18. e4 Nb6 19. Bd2 Ndc4 20. Bc3 Ne3 21.
Ke2 Nbc4 22. Ne5 Ba6 23. Nxc4 Nxc4 24. Rc1 b4 25. Bxb4 Nd2+ 26. Ke3 Nxf1+ 27.
Rhxf1 Bxf1 28. Rxf1 Rac8 29. Bc3 f6 30. h3 Kf7 31. Rg1 Rd7 32. Ke2 Kg6 33. Ke3
Kg5 34. Rc1 Kg6 35. Kf2 h5 36. Kg3 Rd3 37. Kf2 h4 38. Ke2 Rd7 39. Ke3 Kh5 40.
Rf1 Rcd8 41. Ke2 Rb8 42. Rc1 Rb3 43. Rf1 Kg5 44. Ke3 Rb6 45. Rc1 Rbd6 46. Ke2
Rd3 47. Be1 Rb3 48. Rc2 e5 49. Bc3 Kg6 50. Ke3 Rd1 51. f4 Re1+ 52. Kd2 Rxe4 53.
fxe5 fxe5 54. Kd3 Rd4+ 55. Ke3 Kf5 56. Rf2+ Rf4 57. Rd2 Rc4 0-1

[Event "1st Prague Masters 2019"]
[Site "Prague CZE"]
[Date "2019.03.15"]
[Round "9"]
[White "Duda, Jan-Krzysztof"]
[Black "Wojtaszek, Radoslaw"]
[Result "1/2-1/2"]
[WhiteElo "2731"]
[BlackElo "2722"]
[PlyCount "48"]
[EventDate "2019.03.06"]

1. Nf3 d5 2. d4 Nf6 3. c4 e6 4. Nc3 Bb4 5. cxd5 exd5 6. Qa4+ Nc6 7. Bg5 h6 8.
Bxf6 Qxf6 9. e3 O-O 10. Rc1 Qg6 11. Qd1 Ne7 12. Ne5 Qf6 13. Nd3 Ba5 14. b4 Bb6
15. Be2 c6 16. O-O a6 17. a4 Bc7 18. g3 Bd6 19. b5 axb5 20. axb5 Ra3 21. Nb1
Ra2 22. Nc3 Ra3 23. Nb1 Ra2 24. Nc3 Ra3 1/2-1/2

[Event "1st Prague Masters 2019"]
[Site "Prague CZE"]
[Date "2019.03.15"]
[Round "9"]
[White "Vitiugov, Nikita"]
[Black "Rapport, Richard"]
[Result "1/2-1/2"]
[WhiteElo "2726"]
[BlackElo "2738"]
[PlyCount "61"]
[EventDate "2019.03.06"]

1. e4 c5 2. Nf3 Nc6 3. c3 e6 4. d4 d5 5. exd5 exd5 6. Bb5 Bd6 7. dxc5 Bxc5 8.
O-O Nge7 9. Nbd2 O-O 10. Nb3 Bb6 11. Re1 Bg4 12. Be3 Bxe3 13. Rxe3 Nf5 14. Re1
Nh4 15. Be2 Re8 16. Nxh4 Bxe2 17. Rxe2 Qxh4 18. Rd2 Rad8 19. Nd4 g6 20. g3 Qf6
21. Kg2 h5 22. Qf3 Qg5 23. Nxc6 Qxd2 24. Nxd8 Rxd8 25. Rd1 Qxb2 26. Rxd5 Rxd5
27. Qxd5 Qxc3 28. Qxb7 Qd4 29. h4 Kg7 30. Qa6 Qe4+ 31. Kg1 1/2-1/2

[Event "European Championship 2019"]
[Site "Skopje MKD"]
[Date "2019.03.18"]
[Round "1"]
[White "Haldorsen, Benjamin"]
[Black "Artemiev, Vladislav"]
[Result "0-1"]
[WhiteElo "2448"]
[BlackElo "2736"]
[PlyCount "104"]
[EventDate "2019.03.18"]

1. e4 c6 2. d4 d5 3. Nd2 dxe4 4. Nxe4 Nf6 5. Nxf6+ exf6 6. c3 Bd6 7. Bd3 O-O 8.
Qc2 Re8+ 9. Ne2 h5 10. O-O h4 11. h3 Nd7 12. Be3 Nf8 13. Rad1 Ne6 14. c4 Ng5
15. Rfe1 Bc7 16. a3 Bd7 17. Nf4 Qc8 18. Bf1 Bf5 19. Qc1 Be4 20. d5 Qb8 21. b4
a6 22. c5 cxd5 23. Nxd5 Nxh3+ 24. Kh1 Qc8 25. Nxc7 Qxc7 26. Rd4 Qe5 27. Rxe4
Qxe4 28. f3 Qf5 29. gxh3 Qxf3+ 30. Bg2 Qg3 31. Bd2 Rad8 32. Rxe8+ Rxe8 33. Qf1
Rd8 34. Bf4 Qxa3 35. Qe1 Qa4 36. Kh2 Re8 37. Qd2 Qb5 38. Bf3 Qf1 39. Qg2 Qc4
40. Qd2 Qf1 41. Qg2 Qd3 42. Qf2 g5 43. Bd2 Kg7 44. Qg2 Kh6 45. Qf2 Kg6 46. Qg2
Re7 47. Bc1 Qd4 48. Qb2 Qxb2+ 49. Bxb2 Re3 50. Kg2 Rb3 51. Ba3 Rxa3 52. Bxb7
Kf5 0-1

[Event "European Championship 2019"]
[Site "Skopje MKD"]
[Date "2019.03.18"]
[Round "1"]
[White "Tomashevsky, Evgeny"]
[Black "Warmerdam, Max"]
[Result "1/2-1/2"]
[WhiteElo "2705"]
[BlackElo "2448"]
[PlyCount "81"]
[EventDate "2019.03.18"]

1. Nf3 d5 2. e3 Nf6 3. c4 c6 4. Nc3 a6 5. Be2 Bf5 6. O-O h6 7. Qb3 Ra7 8. d3
dxc4 9. Qxc4 e6 10. e4 b5 11. Qb3 Bh7 12. Be3 Rb7 13. Rac1 Nbd7 14. Na4 Rc7 15.
Nc5 Nxc5 16. Bxc5 Bxc5 17. Rxc5 Nd7 18. Rc3 c5 19. Qc2 O-O 20. Rc1 Qe7 21. Qd2
Rfc8 22. Qe3 Qd6 23. h3 Nb6 24. Nd2 Rc6 25. R3c2 Bg6 26. Nb3 Nd7 27. Rc3 R6c7
28. a3 Qb6 29. Nd2 Qd6 30. Nb3 Qb6 31. Qg3 Rc6 32. Nd2 Qb7 33. Kh2 Nb6 34. Nb3
Qe7 35. Na5 R6c7 36. b4 Na4 37. R3c2 e5 38. Bg4 Rd8 39. Nb3 h5 40. Be2 Rdc8 41.
Nd2 1/2-1/2

[Event "European Championship 2019"]
[Site "Skopje MKD"]
[Date "2019.03.18"]
[Round "1"]
[White "Kozak, Adam"]
[Black "Dubov, Daniil"]
[Result "1/2-1/2"]
[WhiteElo "2445"]
[BlackElo "2703"]
[PlyCount "104"]
[EventDate "2019.03.18"]

1. Nf3 c5 2. c4 Nc6 3. g3 g6 4. Bg2 Bg7 5. Nc3 d6 6. O-O Bf5 7. d3 Qd7 8. Rb1
Nf6 9. a3 Bh3 10. Bg5 Bxg2 11. Kxg2 h6 12. Bxf6 Bxf6 13. Qa4 O-O 14. Rfc1 Rac8
15. b4 b6 16. Qd1 e6 17. e3 Bg7 18. Kg1 f5 19. d4 cxd4 20. exd4 Nd8 21. Qd3 Nf7
22. Re1 g5 23. h3 g4 24. hxg4 fxg4 25. d5 e5 26. Nh4 e4 27. Rxe4 Ne5 28. Rxe5
Bxe5 29. Ng6 Rf3 30. Nxe5 Rxd3 31. Nxd7 Rxc3 32. c5 Kf7 33. a4 Rc7 34. c6 Ra3
35. a5 b5 36. Re1 Rd3 37. Nb6 Rc3 38. Kg2 h5 39. Rh1 Kg6 40. Re1 Rf7 41. Nc8
Rc2 42. Rf1 a6 43. Nxd6 Rf3 44. Nb7 Rd3 45. Nc5 Rxd5 46. c7 Rdxc5 47. bxc5 Rxc5
48. Rd1 Rxc7 49. Rd6+ Kg5 50. Rxa6 b4 51. Rb6 Rc5 52. Rxb4 Rxa5 1/2-1/2

[Event "European Championship 2019"]
[Site "Skopje MKD"]
[Date "2019.03.18"]
[Round "1"]
[White "Kovalev, Vladislav"]
[Black "Muradli, Mahammad"]
[Result "1-0"]
[WhiteElo "2703"]
[BlackElo "2444"]
[PlyCount "47"]
[EventDate "2019.03.18"]

1. e4 d6 2. d4 Nf6 3. Nc3 g6 4. Nf3 Bg7 5. Be3 O-O 6. Qd2 a6 7. Bh6 b5 8. Bd3
Bb7 9. Bxg7 Kxg7 10. e5 dxe5 11. dxe5 Nfd7 12. Qe3 Bxf3 13. gxf3 f6 14. O-O-O
Nxe5 15. Bxg6 hxg6 16. Rxd8 Rxd8 17. f4 Nf7 18. Rg1 Rh8 19. Nd5 Nc6 20. Nxc7
Rac8 21. Ne6+ Kh7 22. Qg3 Rhg8 23. Qh4+ Nh6 24. Rg3 1-0

[Event "European Championship 2019"]
[Site "Skopje MKD"]
[Date "2019.03.18"]
[Round "1"]
[White "Mazur, Stefan"]
[Black "Saric, Ivan"]
[Result "1/2-1/2"]
[WhiteElo "2441"]
[BlackElo "2703"]
[PlyCount "99"]
[EventDate "2019.03.18"]

1. e4 c5 2. Nf3 d6 3. d4 cxd4 4. Nxd4 Nf6 5. Nc3 a6 6. a4 Nc6 7. a5 Bd7 8. Nxc6
Bxc6 9. Qd3 e6 10. Be2 d5 11. exd5 Nxd5 12. Nxd5 Qxd5 13. Qxd5 Bxd5 14. O-O Rc8
15. c3 Bc5 16. Bf4 Ke7 17. Rfc1 Rhd8 18. b4 Bd6 19. Bxd6+ Rxd6 20. c4 Be4 21.
Rd1 Rcd8 22. f3 Bd3 23. Kf2 f5 24. Rac1 Rd4 25. Rc3 Bxe2 26. Rxd4 Rxd4 27. Kxe2
Rh4 28. h3 g5 29. b5 Kd7 30. Kd3 e5 31. Rb3 Rd4+ 32. Kc3 Kd6 33. bxa6 bxa6 34.
Rb8 f4 35. Kb4 e4 36. Rd8+ Ke5 37. Re8+ Kf5 38. fxe4+ Rxe4 39. Rxe4 Kxe4 40.
Kc5 h5 41. Kb6 g4 42. hxg4 hxg4 43. c5 f3 44. gxf3+ gxf3 45. c6 f2 46. c7 f1=Q
47. c8=Q Qb5+ 48. Ka7 Qxa5 49. Qxa6 Qxa6+ 50. Kxa6 1/2-1/2

[Event "European Championship 2019"]
[Site "Skopje MKD"]
[Date "2019.03.18"]
[Round "1"]
[White "Mamedov, Rauf"]
[Black "Pultinevicius, Paulius"]
[Result "0-1"]
[WhiteElo "2701"]
[BlackElo "2439"]
[PlyCount "172"]
[EventDate "2019.03.18"]

1. Nf3 Nf6 2. g3 g6 3. b3 Bg7 4. Bb2 O-O 5. Bg2 d6 6. d4 c5 7. O-O cxd4 8. Nxd4
d5 9. c4 dxc4 10. bxc4 Qb6 11. Qc1 Nc6 12. Nxc6 bxc6 13. Nd2 Rd8 14. Nb3 a5 15.
e3 a4 16. Nd4 Bd7 17. Rb1 Qc7 18. Ba1 e5 19. Nf3 Re8 20. c5 Bf5 21. Rb4 Ra5 22.
Qa3 Nd7 23. Rxa4 Rea8 24. Rxa5 Rxa5 25. Qb4 Rxa2 26. Ng5 Qa7 27. Bc3 h6 28. Nf3
Ra4 29. Qb2 Qxc5 30. Rc1 Qb5 31. Qd2 Be6 32. Qd1 Ra2 33. Nd2 Bd5 34. Bf1 Qa4
35. e4 Be6 36. Qe1 Bf8 37. Bd3 Qa7 38. Bb1 Ra4 39. Bc2 Ra3 40. Nf3 Bc5 41. Bd1
Ra2 42. Rc2 Rxc2 43. Bxc2 f6 44. Kg2 g5 45. h4 Nb6 46. Bb4 Qe7 47. Bxc5 Qxc5
48. Qd1 Kg7 49. Bb3 Bg4 50. Qd3 Bxf3+ 51. Qxf3 Qd4 52. Qg4 Qd7 53. Be6 Qe7 54.
hxg5 hxg5 55. Bf5 c5 56. Qh5 Kg8 57. Qg6+ Kf8 58. Qh5 Kg8 59. Qg6+ Kf8 60. Qh6+
Qg7 61. Qh1 c4 62. Be6 Ke8 63. Qd1 Qb7 64. Qh5+ Kd8 65. Qg6 Qe7 66. Bxc4 Kc7
67. Bb5 Nc8 68. Qg8 Nd6 69. Qd5 Nxb5 70. Qxb5 Qe6 71. Kf3 g4+ 72. Ke3 Qb6+ 73.
Qxb6+ Kxb6 74. f3 Kb5 75. fxg4 Kc4 76. Ke2 Kd4 77. Kf2 Kxe4 78. Ke2 Kd4 79. Kd2
e4 80. Ke2 e3 81. Kd1 Kd5 82. Ke1 Ke5 83. Kd1 Kd4 84. Ke1 Kd3 85. Kd1 e2+ 86.
Ke1 Ke3 0-1

[Event "European Championship 2019"]
[Site "Skopje MKD"]
[Date "2019.03.18"]
[Round "1"]
[White "Filip, Lucian-Ioan"]
[Black "Vallejo Pons, Francisco"]
[Result "1/2-1/2"]
[WhiteElo "2438"]
[BlackElo "2698"]
[PlyCount "84"]
[EventDate "2019.03.18"]

1. Nf3 d5 2. d4 Nf6 3. c4 e6 4. g3 Bb4+ 5. Bd2 Be7 6. Bg2 O-O 7. O-O c6 8. Qc2
Nbd7 9. Rd1 a5 10. Bf4 h6 11. Ne5 Qb6 12. Nc3 Nxe5 13. Na4 Qa7 14. dxe5 Nd7 15.
cxd5 cxd5 16. Be3 Qb8 17. f4 b5 18. Nc5 Qa7 19. Rac1 Ba6 20. Bd4 Rfc8 21. Nxd7
Qxd7 22. Qd2 b4 23. e3 a4 24. b3 g6 25. Rxc8+ Rxc8 26. Rc1 Rxc1+ 27. Qxc1 Bd3
28. Qd1 axb3 29. axb3 Be4 30. Bxe4 dxe4 31. Qc2 Qd5 32. h4 g5 33. hxg5 hxg5 34.
Kg2 Kg7 35. Qc7 Bf8 36. Qc2 Qb7 37. Kh3 Be7 38. Kg4 Qa6 39. Qxe4 Qe2+ 40. Qf3
Qd3 41. f5 exf5+ 42. Qxf5 Qd1+ 1/2-1/2